| 000 | 00961nac a22002771i 4500 | ||
|---|---|---|---|
| 003 | EG-ScBUE | ||
| 005 | 20240530094408.0 | ||
| 008 | 240530s1994 enk f b 001 0 eng d | ||
| 020 | _a0333593774 | ||
| 040 |
_aEG-ScBUE _beng _erda _cEG-ScBUE _dEG-ScBUE |
||
| 043 | _aa-iq--- | ||
| 082 | 0 | 4 |
_a956.7 _bSIM _222 |
| 100 | 1 |
_aSimons, G. L. _q(Geoffrey Leslie), _d1939- _eauthor. |
|
| 245 | 1 | 0 |
_aIraq : _bfrom Sumer to Saddam / _cGeoff Simons ; foreword by Tony Benn. |
| 264 | 1 |
_aBasingstoke, Hampshire ; _aLondon : _bThe Macmillan Press, _c1994. |
|
| 300 |
_axv, 406 pages ; _c23 cm |
||
| 336 |
_2rdacontent _atext _btxt |
||
| 337 |
_aunmediated _2rdamedia _bn |
||
| 338 |
_avolume _bnc _2rdacarrier |
||
| 504 | _aIncludes bibliographical references and index. | ||
| 600 | 1 | 7 |
_2BUEsh _aHussein, Saddam, _d1937-2006. |
| 651 | 7 |
_aIraq _xHistory. _2BUEsh |
|
| 655 | _vReading book | ||
| 700 | 1 |
_aBenn, Tony, _eauthor of introduction, etc. |
|
| 942 |
_cBB _2ddc |
||
| 999 |
_c9623 _d9623 |
||